PROBLEMS & SOLUTSIONS OF ELECT. DEVICES & CKT (Record no. 733345)

MARC details
000 -LEADER
fixed length control field 00251nam a2200097Ia 4500
008 - FIXED-LENGTH DATA ELEMENTS--GENERAL INFORMATION
fixed length control field 230508s1999 xx 000 0 und d
041 ## - LANGUAGE CODE
Language code of text/sound track or separate title eng
100 ## - MAIN ENTRY--PERSONAL NAME
Personal name C.B.S.
245 ## - TITLE STATEMENT
Title PROBLEMS & SOLUTSIONS OF ELECT. DEVICES & CKT
260 ## - PUBLICATION, DISTRIBUTION, ETC.
Name of publisher, distributor, etc. C.B.S. PUBLI.
Date of publication, distribution, etc. 1999

No items available.